书目信息 |
| 题名: |
法言
|
|
| 作者: | 杨雄著 , 韩敬梁涛解读 | |
| 分册: | ||
| 出版信息: | 北京 中国国家图书馆出版社 2023.12 |
|
| 页数: | 454页 | |
| 开本: | 20cm | |
| 丛书名: | ||
| 单 册: | ||
| 中图分类: | Z121 | |
| 科图分类: | ||
| 主题词: | 丛书--中国 | |
| 电子资源: | ||
| ISBN: | 978-7-5013-7627-8 | |
| 000 | 00633nam0 2200193 450 | |
| 001 | 202512101004213717 | |
| 005 | 20251210105535.64 | |
| 010 | @a978-7-5013-7627-8@d88 | |
| 100 | @a20251210d km y0chiy0120 ea | |
| 101 | 0 | @achi |
| 200 | 1 | @a法言@AFa Yan@f杨雄著,韩敬梁涛解读@FYang Xiong Zhu,Han Jing Liang Tao Jie Du |
| 210 | @a北京@c中国国家图书馆出版社@d2023.12 | |
| 215 | @a454页@d20cm | |
| 606 | 0 | @a丛书@x中国 |
| 690 | @aZ121@v4 | |
| 701 | 0 | @a杨雄著@AYang Xiong Zhu |
| 701 | 0 | @a韩敬梁涛解读@AHan Jing Liang Tao Jie Du |
| 801 | 0 | @aCN@b大连网信软件有限公司图书馆·11@c20251210 |
| 905 | @aZUCC@b1440158@dZ121@e3530:61@f214401583 | |
| 法言/杨雄著,韩敬梁涛解读.-北京:中国国家图书馆出版社,2023.12 |
| 454页;20cm |
| ISBN 978-7-5013-7627-8:88 |
| ● |
| 相关链接 |
|
|
|
|
正题名:法言
索取号:Z121/3530:61
 
预约/预借
| 序号 | 登录号 | 条形码 | 馆藏地/架位号 | 状态 | 备注 |
| 1 | 1440158 | 214401583 | 第二样本阅览室/ [索取号:Z121/3530:61] | 在馆 |